[Event "Newcastle Northumbria Masters"]
[Site "Newcastle on Tyne"]
[Date "2019.08.24"]
[Round "3"]
[White "Mannion, Stephen R"]
[Black "Birtwistle, Nigel"]
[Result "1-0"]
[WhiteElo "2285"]
[BlackElo "2144"]
[PlyCount "59"]
[EventDate "2019.08.23"]
[EventType "swiss"]
[EventRounds "9"]
[EventCountry "ENG"]
[SourceTitle "EXT 2020"]
[Source "ChessBase"]
[SourceDate "2019.10.17"]
[SourceVersion "1"]
[SourceVersionDate "2019.10.17"]
[SourceQuality "1"]

1. e4 c5 2. Nf3 g6 3. d4 cxd4 4. Nxd4 Bg7 5. c4 Nc6 6. Be3 Nf6 7. Nc3 Ng4 8. Qxg4 Nxd4 9. Qd1 e5 10. Bd3 d6 11. 0-0 0-0 12. a4 Be6 13. a5 Rc8 14. Qa4 Qe7 15. Rfe1 Rc6 16. Nd5 Bxd5 17. exd5 Nf3+ 18. gxf3 Rc7 19. Qb4 f5 20. Qd2 Qh4 21. Bf1 f4 22. Bxa7 Rf5 23. c5 Rh5 24. h3 Rg5+ 25. Kh2 Bf8 26. Bb6 Rf7 27. c6 bxc6 28. dxc6 e4 29. Rxe4 d5 30. Re8 1-0

[Event "BCF-chT2b 1819 (4NCL)"]
[Site "England"]
[Date "2019.02.09"]
[Round "5.64"]
[White "Birtwistle, Nigel"]
[Black "Granat, Russell"]
[Result "0-1"]
[WhiteElo "2145"]
[BlackElo "2202"]
[PlyCount "140"]
[EventDate "2018.11.10"]
[EventType "team-tourn"]
[EventRounds "11"]
[EventCountry "ENG"]
[SourceTitle "EXT 2021"]
[Source "ChessBase"]
[SourceDate "2020.10.23"]
[SourceVersion "1"]
[SourceVersionDate "2020.10.23"]
[SourceQuality "1"]
[WhiteTeam "Grantham Sharks II"]
[BlackTeam "Guildford III"]
[WhiteTeamCountry "ENG"]
[BlackTeamCountry "ENG"]

1. Nf3 d5 2. c4 c6 3. g3 Nf6 4. Bg2 Nbd7 5. d4 e6 6. 0-0 Ne4 7. Nc3 f5 8. Nxe4 fxe4 9. Ng5 Nf6 10. f3 h6 11. Nh3 dxc4 12. Bf4 Bd6 13. Be5 Bxe5 14. dxe5 Qxd1 15. Raxd1 Nd5 16. Rd4 c3 17. b3 b5 18. Rc1 c5 19. Rxd5 exd5 20. Rxc3 c4 21. fxe4 d4 22. Rc1 Bg4 23. bxc4 Rc8 24. c5 Bxe2 25. Nf4 Bc4 26. Bh3 Rxc5 27. Ng6 Rf8 28. Nxf8 Kxf8 29. Rd1 d3 30. Bf1 Rxe5 31. Bxd3 Bxd3 32. Rxd3 Rxe4 33. Rd5 a6 34. Kf2 Ra4 35. Rd2 Ke7 36. Ke2 h5 37. h4 Ra3 38. Kf2 g6 39. Kg2 a5 40. Kh3 b4 41. Kg2 Rc3 42. Kh3 Rc4 43. Rd5 a4 44. Ra5 a3 45. Rb5 Kd7 46. Rb6 Rg4 47. Kg2 Kc7 48. Rf6 Kb7 49. Re6 Rc4 50. Kf3 Rc6 51. Re4 Rb6 52. Kf4 Ka6 53. Kg5 Kb5 54. g4 hxg4 55. Rxg4 b3 56. axb3 a2 57. Ra4 Ra6 58. Rxa2 Rxa2 59. Kxg6 Rg2+ 60. Kf6 Kc6 61. h5 Kd7 62. h6 Rf2+ 63. Kg6 Ke7 64. h7 Rg2+ 65. Kh6 Kf7 66. h8N+ Kf6 67. Kh7 Rg7+ 68. Kh6 Rg3 69. Kh7 Rxb3 70. Kg8 Rb7 0-1

[Event "BCF-chT1c 1718 (4NCL) Promotion pool"]
[Site "England"]
[Date "2018.05.07"]
[Round "11.47"]
[White "Milliet, Sophie"]
[Black "Birtwistle, Nigel"]
[Result "1-0"]
[WhiteElo "2377"]
[BlackElo "2136"]
[PlyCount "109"]
[EventDate "2017.01.11"]
[EventType "team-swiss"]
[EventRounds "11"]
[EventCountry "ENG"]
[SourceTitle "EXT 2019"]
[Source "ChessBase"]
[SourceDate "2018.10.10"]
[SourceVersion "1"]
[SourceVersionDate "2018.10.10"]
[SourceQuality "1"]
[WhiteTeam "Guildford II"]
[BlackTeam "Grantham Sharks"]
[WhiteTeamCountry "ENG"]
[BlackTeamCountry "ENG"]

1. e4 c5 2. Nf3 g6 3. c4 Bg7 4. d4 cxd4 5. Nxd4 Nc6 6. Be3 Nf6 7. Nc3 Ng4 8. Qxg4 Nxd4 9. Qd1 e5 10. Bd3 0-0 11. 0-0 d6 12. a4 Be6 13. a5 Rc8 14. Ra4 Bd7 15. Ra3 Be6 16. Ra4 Bd7 17. Ra3 Be6 18. b3 Qe7 19. Ra2 f5 20. Bxd4 exd4 21. Nd5 Bxd5 22. exd5 Rce8 23. b4 Be5 24. f4 Bf6 25. Re2 Qd7 26. Re6 Rxe6 27. dxe6 Qxe6 28. Re1 Qd7 29. Qe2 Rd8 30. Kf1 Kf7 31. Qf3 Qc6 32. Qxc6 bxc6 33. b5 cxb5 34. cxb5 Rc8 35. b6 axb6 36. axb6 Rb8 37. Bc4+ Kf8 38. Rb1 Bd8 39. b7 Bc7 40. Bd5 Re8 41. Rc1 Bb8 42. Rc8 Ke7 43. Ke2 Rd8 44. Kd3 Ba7 45. g3 Bb8 46. Kxd4 Kd7 47. Bc6+ Ke7 48. Kd5 Rf8 49. Bb5 Rd8 50. Ba4 Rf8 51. Kc6 Rd8 52. Rxb8 Rxb8 53. Kc7 Rd8 54. b8Q Rxb8 55. Kxb8 1-0